000 00647nam a2200229Ia 4500
005 20241129115842.0
008 241129s9999||||xx |||||||||||||| ||und||
020 _a9783030602192
037 _aTB
040 _aSDCL
_beng
_cSDCL
041 _aeng
_2eng
084 _aB28931, R1
_qSDCL
100 _aAmbrosio Vincenzo
_9728497
245 0 _aNonlinear fractional schrodinger equations in R N
260 _aCham
_bBirkhauser
_c2021
300 _axvii,662p.
365 _aEUR
_b59.99
490 _aFrontiers in elliptic and parabolic problems
650 _aMathematics
942 _cTB
_hB28931, R1
999 _c1232288
_d1232288